000 00458nam a2200193Ia 4500
005 20240823050117.0
008 240823s9999||||xx |||||||||||||| ||und||
020 _a81-7254-281-x
041 _aENGLISH
082 _A338.04 P6
100 _aSylendra Babu C
245 0 _aYou too can become an IPS Officer
250 _a1st
260 _c2006
_bSura College of Compet
500 _aYES
650 _aGeneral
_bGeneral
942 _cBK
999 _c216502
_d216502